[Event "Titled Tuesday intern op 30th Apr Early"]
[Site "Chess.com INT"]
[Date "2024.04.30"]
[Round "6"]
[White "Askarov, Bakhtiyar"]
[Black "Zafirakos, Jesse"]
[Result "1-0"]
[WhiteElo "2310"]
[BlackElo "2022"]
[PlyCount "35"]
[EventDate "2024.04.30"]
[EventType "swiss (blitz)"]
[EventRounds "11"]
[EventCountry "USA"]
[SourceTitle "CB19_2024"]
[SourceDate "2024.05.08"]
[SourceVersion "1"]
[SourceVersionDate "2024.05.08"]
[SourceQuality "1"]

1. d4 Nf6 2. Bg5 Ne4 3. h4 h6 4. Bf4 c5 5. d5 Qb6 6. Nd2 Nxd2 7. Bxd2 Qxb2 8. Nf3 d6 9. e4 g6 10. Rb1 Qxa2 11. Bc3 Rg8 12. Ra1 Qxa1 13. Qxa1 a6 14. e5 Nd7 15. exd6 exd6 16. Bd3 b5 17. Bxb5 Kd8 18. Qa5+ 1-0

[Event "Titled Tuesday intern op 30th Apr Early"]
[Site "Chess.com INT"]
[Date "2024.04.30"]
[Round "3"]
[White "Souleidis, Georgios"]
[Black "Zafirakos, Jesse"]
[Result "0-1"]
[WhiteElo "2418"]
[BlackElo "2022"]
[PlyCount "84"]
[EventDate "2024.04.30"]
[EventType "swiss (blitz)"]
[EventRounds "11"]
[EventCountry "USA"]
[SourceTitle "CB19_2024"]
[SourceDate "2024.05.08"]
[SourceVersion "1"]
[SourceVersionDate "2024.05.08"]
[SourceQuality "1"]

1. e4 d6 2. d4 e5 3. Nf3 Bg4 4. dxe5 Bxf3 5. Qxf3 dxe5 6. Bc4 Qf6 7. Qg3 Nd7 8. 0-0 Qg6 9. Qf3 Ngf6 10. Nc3 0-0-0 11. Be3 Bc5 12. Rfd1 Kb8 13. a3 a6 14. b4 Bxe3 15. Qxe3 Ng4 16. Qe2 Ngf6 17. a4 Nh5 18. a5 Nf4 19. Qf3 Nf6 20. b5 Rxd1+ 21. Rxd1 axb5 22. Bxb5 Ne6 23. Bd3 Nd4 24. Qe3 Ng4 25. Qg3 Nf6 26. Qe3 Ng4 27. Qe1 Nf3+ 28. Kf1 Ngxh2+ 29. Ke2 Nxe1 30. Rxe1 Qxg2 31. Rb1 Qf3+ 32. Ke1 Qh1+ 33. Kd2 Nf3+ 34. Ke3 Qxb1 35. Nxb1 Nd4 36. Nd2 h5 37. c3 Ne6 38. Bf1 h4 39. Bg2 Nf4 40. Bh1 h3 41. Nf3 f6 42. Nd2 Rd8 0-1

[Event "Titled Tuesday intern op 30th Apr Early"]
[Site "Chess.com INT"]
[Date "2024.04.30"]
[Round "4"]
[White "Zafirakos, Jesse"]
[Black "Anuj, Shrivatri"]
[Result "1-0"]
[WhiteElo "2022"]
[BlackElo "2390"]
[PlyCount "163"]
[EventDate "2024.04.30"]
[EventType "swiss (blitz)"]
[EventRounds "11"]
[EventCountry "USA"]
[SourceTitle "CB19_2024"]
[SourceDate "2024.05.08"]
[SourceVersion "1"]
[SourceVersionDate "2024.05.08"]
[SourceQuality "1"]

1. Nf3 Nf6 2. g3 g6 3. Bg2 Bg7 4. 0-0 0-0 5. d4 d6 6. Re1 Nbd7 7. e4 e5 8. Nc3 c6 9. a4 Re8 10. a5 Qc7 11. b3 exd4 12. Nxd4 Nc5 13. Bb2 Rb8 14. b4 Ne6 15. Qd2 Ng4 16. Nxe6 Bxe6 17. f4 b5 18. h3 Nf6 19. Rad1 Rbd8 20. Qf2 a6 21. Ne2 Bc4 22. Nd4 c5 23. bxc5 dxc5 24. Nb3 Nd7 25. Bxg7 Kxg7 26. e5 Be6 27. Rd6 c4 28. Nd4 Nc5 29. Rc6 Qd7 30. Nxe6+ Nxe6 31. Rxa6 b4 32. Ra7 Qb5 33. Qb6 Qc5+ 34. Qxc5 Nxc5 35. Rc7 Rc8 36. Rxc8 Rxc8 37. Bd5 b3 38. Bxc4 bxc2 39. Rc1 Nb7 40. Ba6 Rd8 41. Rxc2 Nxa5 42. Rc3 Kf8 43. Kf2 Ra8 44. Be2 Rb8 45. Ra3 Nb3 46. Ke3 Nc5 47. Rc3 Ne6 48. Bg4 Ng7 49. h4 h5 50. Bh3 Ra8 51. Kf3 Rd8 52. Re3 Re8 53. Rc3 Rd8 54. Rc8 Rxc8 55. Bxc8 Ke7 56. Ke4 Ne8 57. f5 Kd8 58. fxg6 fxg6 59. Ba6 Ke7 60. Bc4 Ng7 61. Kf4 Kf8 62. Bd3 Kf7 63. Bc4+ Ke7 64. g4 hxg4 65. Kxg4 Nf5 66. Kg5 Ne3 67. Bd3 Ke6 68. Kf4 Nd5+ 69. Kg5 Ne7 70. Bxg6 Kxe5 71. h5 Ng8 72. Bf7 Nf6 73. h6 Nh7+ 74. Kg6 Nf6 75. Ba2 Nd7 76. Kg7 Nf6 77. Bb3 Nh5+ 78. Kg6 Nf6 79. Ba2 Nd7 80. Bf7 Nf8+ 81. Kg7 Nd7 82. h7 1-0

[Event "Titled Tuesday intern op 30th Apr Early"]
[Site "Chess.com INT"]
[Date "2024.04.30"]
[Round "5"]
[White "Zafirakos, Jesse"]
[Black "Hambleton, Aman"]
[Result "1/2-1/2"]
[WhiteElo "2022"]
[BlackElo "2420"]
[PlyCount "118"]
[EventDate "2024.04.30"]
[EventType "swiss (blitz)"]
[EventRounds "11"]
[EventCountry "USA"]
[SourceTitle "CB19_2024"]
[SourceDate "2024.05.08"]
[SourceVersion "1"]
[SourceVersionDate "2024.05.08"]
[SourceQuality "1"]

1. Nf3 Nf6 2. g3 d5 3. Bg2 c6 4. 0-0 Bf5 5. d3 h6 6. c4 dxc4 7. dxc4 Qxd1 8. Rxd1 Nbd7 9. Nc3 e5 10. b3 Bb4 11. Bb2 0-0-0 12. a3 Ba5 13. b4 Bc7 14. Rac1 Rhe8 15. b5 Nc5 16. Rxd8+ Rxd8 17. Nh4 Bd7 18. Rd1 g5 19. Nf3 Be6 20. Nd2 cxb5 21. Nxb5 Bb8 22. Nc3 a6 23. Nf3 Rxd1+ 24. Nxd1 Bxc4 25. Bxe5 Bxe2 26. Nc3 Bxe5 27. Nxe5 Bd3 28. Nxf7 b5 29. Nxh6 a5 30. Nf7 b4 31. axb4 axb4 32. Nd1 g4 33. Ne5 Be2 34. Nb2 Kc7 35. h3 gxh3 36. Bxh3 Kd6 37. Nec4+ Bxc4 38. Nxc4+ Kd5 39. Ne3+ Kd4 40. Nc2+ Kc3 41. Nxb4 Kxb4 42. g4 Ne6 43. Kg2 Kc5 44. Kg3 Ne4+ 45. Kf3 N6g5+ 46. Kg2 Kd4 47. f4 Nf7 48. Kf3 Nd2+ 49. Ke2 Nc4 50. Kf3 Ncd6 51. g5 Nh8 52. Be6 Ng6 53. Kg4 Ne7 54. f5 Ke5 55. Kh5 Ndxf5 56. Bxf5 Kxf5 57. Kh6 Ng6 58. Kg7 Nf4 59. g6 Nxg6 1/2-1/2

[Event "Box Hill op"]
[Site "Box Hill"]
[Date "2019.12.06"]
[Round "7"]
[White "Aman, Deepak Thadani"]
[Black "Zafirakos, Jesse"]
[Result "1/2-1/2"]
[WhiteElo "1591"]
[BlackElo "1581"]
[PlyCount "33"]
[EventDate "2019.10.18"]
[EventType "swiss"]
[EventRounds "9"]
[EventCountry "AUS"]
[SourceTitle "EXT 2021"]
[Source "ChessBase"]
[SourceDate "2020.10.23"]
[SourceVersion "1"]
[SourceVersionDate "2020.10.23"]
[SourceQuality "1"]

1. d4 d5 2. c4 e6 3. Nc3 Nf6 4. Bg5 Be7 5. e3 Nbd7 6. Nf3 h6 7. Bh4 0-0 8. Bd3 dxc4 9. Bxc4 c5 10. 0-0 cxd4 11. Nxd4 Qb6 12. Qe2 Ne5 13. Bb3 Bd7 14. Rfd1 Ng6 15. Bg3 e5 16. Nc2 Bc6 17. e4 1/2-1/2